| 000 | 01458nam a22002777a 4500 | ||
|---|---|---|---|
| 003 | PE SENCICO BE | ||
| 005 | 20251020182712.0 | ||
| 008 | 250303b |||||||| |||| 00| 0 eng d | ||
| 020 | _a0-07-091786-8 | ||
| 040 |
_aPE SENCICO BE _cPE SENCICO BE |
||
| 041 | _aspa | ||
| 082 |
_a516.22 _bR54 |
||
| 100 | 1 |
_92968 _aRich, Barnett _eautor |
|
| 245 | 1 |
_aTeoría y problemas de geometría plana con geometría de coordenadas / _cBarnett Rich |
|
| 250 | _a[1a ed.] | ||
| 260 |
_aMéxico, D. F. : _bMcGraw-Hill ; _c1971 |
||
| 300 |
_a234 páginas : _bgráficos ; _c27 cm. |
||
| 440 |
_92964 _aSerie de compendios Schaum |
||
| 505 | 0 | _aLíneas, ángulos y triángulos -- Métodos de demostración -- Triángulos congruentes -- Rectas paralelas, distancias y suma de ángulos -- Paralelogramos, trapecio, paralelas medias y puntos medios -- La circunferencia y el circulo -- Semejanza -- Trigonometría -- Areas -- Los polígonos regulares y la circunferencia -- Lugares geométricos -- Geometría analítica -- Las desigualdades y el razonamiento indirecto -- Mejoramiento del razonamiento -- Construcciones -- Fundamentos de algunos teoremas fundamentales -- Extensión de conceptos de la geometría plana a la geometría de los sólidos | |
| 650 | 1 | 0 |
_91020 _aGeometría plana |
| 650 | 2 | 0 |
_92969 _aCoordenadas |
| 650 | 2 | 0 |
_92105 _aGeometría analítica |
| 700 | 1 |
_92970 _aAriza Prada, Victor _etraductor |
|
| 910 |
_ahfp _bhfp _chfp |
||
| 942 |
_2ddc _cLIB |
||
| 999 |
_c5116 _d5116 |
||